LIBRARY & INFORMATION CENTRE, KCAET, TAVANUR

ONLINE PUBLIC ACCESS CATALOGUE (OPAC)

New Encyclopaedia britannica vol-22 / (Record no. 5618)

MARC details
000 -LEADER
fixed length control field 00410cam a2200157ua 4500
041 ## - LANGUAGE CODE
Language code of text/sound track or separate title eng
082 ## - DEWEY DECIMAL CLASSIFICATION NUMBER
Classification number 030
Item number GOE/NE
100 ## - MAIN ENTRY--AUTHOR NAME
Personal name Goetz, Philip W .
245 ## - TITLE STATEMENT
Title New Encyclopaedia britannica vol-22 /
250 ## - EDITION STATEMENT
Edition statement 15 /
260 ## - PUBLICATION, DISTRIBUTION, ETC. (IMPRINT)
Place of publication Chicago :
Name of publisher Encyclopaedia Britannica INC ,
Year of publication 1985.
300 ## - PHYSICAL DESCRIPTION
Number of Pages 1002 ; .
942 ## - ADDED ENTRY ELEMENTS (KOHA)
Koha item type Books
Holdings
Withdrawn status Lost status Damaged status Home library Current library Date acquired Full call number Accession Number Koha item type
      KAUAET   25/03/1987 030 16102 Books
free website counter